000 01066nam a2200217 a 4500
001 16283241
008 120712s2010 ||||||||||||||||| || u
010 _a2010287534
020 _a9780340942048
050 _aQP 101 Lev
100 _aLevick, J. Rodney
245 1 3 _aAn introduction to cardiovascular physiology. (5th ed.)
_cby J. Rodney Levick
250 _a5th ed.
260 _aLondon
_bHodder Arnold
_c2010
300 _axii, 414p.: ill.
350 _a49.95
650 0 _aCARDIOVASCULAR SYSTEM--PHYSIOLOGY
995 _aMEDICAL LIBRARY OPEN ACCESS
_e903501
_FCBU-SCHOOL OF MEDICINE LIBRARY (Ndola)
_I49.95
_jQP 101 Lev
_M3
_UAVAILABLE
_WFeb 29, 2016
_y903501
_ZMedical Library Open Access Collection
995 _aMEDICAL LIBRARY OPEN ACCESS
_e902046
_FCBU-SCHOOL OF MEDICINE LIBRARY (Ndola)
_jQP 101 Lev
_M2
_UAVAILABLE
_WMay 21, 2013
_y902046
_ZMedical Library Open Access Collection
995 _aMICHAEL CHILUFYA SATA OPEN ACCESS
_e901631
_FCBU-SCHOOL OF MEDICINE LIBRARY (Ndola)
_jQP 101 Lev
_M1
_UAVAILABLE
_WJul 12, 2012
_y901631
_ZMedical Library Open Access Collection
999 _c64127
_d64127